000 00325nam a2200145Ia 4500
008 230718s9999 xx 000 0 und d
041 _aEng.
082 _a346.66
_bMEH-C
100 _aMehmood shoukat
245 0 _aCompany Law
260 _aPakistan
_bLegal Research
_c2010
300 _a884
650 _aLaw
999 _c29936
_d29936